Thiết kế sáng tạo trên máy vi tính

Zapisane w:
Opis bibliograficzny
1. autor: Lumgair, Christopher
Format: Książka
Język:Undetermined
Wydane: Hà Nội Thống Kê 2001
Hasła przedmiotowe:
Etykiety: Dodaj etykietę
Nie ma etykietki, Dołącz pierwszą etykiete!
Thư viện lưu trữ: Trung tâm Học liệu Trường Đại học Cần Thơ
LEADER 00561nam a2200193Ia 4500
001 CTU_99502
008 210402s9999 xx 000 0 und d
020 |c 25000 
082 |a 005 
082 |b L957 
100 |a Lumgair, Christopher 
245 0 |a Thiết kế sáng tạo trên máy vi tính 
245 0 |c Christopher Lumgair ; Nhân Văn (biên dịch) 
260 |a Hà Nội 
260 |b Thống Kê 
260 |c 2001 
650 |a Computer programs 
904 |i Tuyến 
980 |a Trung tâm Học liệu Trường Đại học Cần Thơ